Traduire les mots français en anglais - Statistiques

Statistiques générales
  • Ce quiz a été pris 563 fois
  • Le résultat moyen est 10 sur 24
Statistiques - réponses
Hint Réponse % Correct
Gauche Left
96%
Sac Bag
95%
Lune Moon
95%
Bouteille Bottle
94%
Horloge Clock
64%
Entre Between
59%
Maïs Corn
57%
Toit Roof
55%
Flèche Arrow
52%
Frontière Border
39%
Hanche Hip
33%
Encre Ink
33%
Néanmoins Nevertheless
32%
Phare Lighthouse
26%
Tectonique Tectonic
25%
Betterave Beet
23%
Salive Saliva
23%
Endurance Stamina
20%
Collation Snack
18%
Ancre Anchor
17%
Algue Seaweed
12%
Veau Veal
12%
Palourde Clam
9%
Déséquilibre Imbalance
5%
Aucun quiz correspondant
Distribution des résultats
% des personnes avec chaque résultat
Percentile par nombre de réponses
Votre historique - résultats
Vous n’avez pas pris ce quiz